00582 a2200181 4500003000900000005001700009007000300026008004000029020001800069040002500087082001700112100001700129245010300146260003500249300002800284500005700312504003100369DO-SdBNP20240307183156.0ta210915b 2019 dr c 00| 0 eng d a9789945896442 aDO-SdBNPbspacBNPHU 42BNPHUbC117G1 aCabral, Euri1 aGilbert : bhřoe de dos pueblos. Vida y obra del patriota Gregorio Urbano Gilbert /cEuri Cabral bSanto Domingo :cIanna,a2019. a225 p. :bil. ;c24 cm. aIncluye datos biogrf̀icos del autor en las solapas aBibliografa̕ : p. 221-225